International economics (Record no. 157626)

MARC details
000 -LEADER
fixed length control field 00461nam a2200181Ia 4500
008 - FIXED-LENGTH DATA ELEMENTS--GENERAL INFORMATION
fixed length control field 210423s2008 xx 000 0 und d
020 ## - INTERNATIONAL STANDARD BOOK NUMBER
International Standard Book Number 9788174466488
041 ## - LANGUAGE CODE
Language code of text/sound track or separate title eng
082 ## - DEWEY DECIMAL CLASSIFICATION NUMBER
Classification number 337 KUMR
100 ## - MAIN ENTRY--PERSONAL NAME
Personal name KUMAR (Raj)
245 ## - TITLE STATEMENT
Title International economics
260 ## - PUBLICATION, DISTRIBUTION, ETC.
Place of publication, distribution, etc. New Delhi
Name of publisher, distributor, etc. Excel Books
Date of publication, distribution, etc. 2008
300 ## - PHYSICAL DESCRIPTION
Extent xxiii,551
Other physical details PB
365 ## - TRADE PRICE
Price amount 345
Currency code INR
650 ## - SUBJECT ADDED ENTRY--TOPICAL TERM
Topical term or geographic name entry element Economics
650 ## - SUBJECT ADDED ENTRY--TOPICAL TERM
Topical term or geographic name entry element International Economics
906 ## - LOCAL DATA ELEMENT F, LDF (RLIN)
a economics ; International
Holdings
Withdrawn status Lost status Damaged status Not for loan Collection code Home library Current library Date acquired Source of acquisition Cost, normal purchase price Total Checkouts Full call number Barcode Date last seen Date last checked out Price effective from Koha item type
        M Com St Aloysius PG Library St Aloysius PG Library 01/04/2010 Athulya Books 345.00 1 337 KUMR PG004102 03/06/2025 03/05/2025 04/26/2021 Book